000 00546cam a2200193 4500500
005 20260329004719.0
041 _afre
042 _adc
100 1 0 _aLarmagnac-Matheron, Octave
_eauthor
245 0 0 _aHiraeth
260 _c2020.
500 _a35
690 _aFiction
690 _aNostalgie
690 _aTemps
690 _aTolkien
786 0 _nPhilosophie magazine | 145 | 1 | 2020-12-01 | p. 65-65 | 1951-1787
856 4 1 _uhttps://shs.cairn.info/magazine-philosophie-magazine-2020-12-1-page-65?lang=fr&redirect-ssocas=7080
999 _c1836551
_d1836551